| 000 | 00680nam a22002297a 4500 | ||
|---|---|---|---|
| 003 | UA-OsUOA | ||
| 001 | 43828 | ||
| 007 | ta | ||
| 008 | 20091107b un ||||| |||| 00| 0 ukr d | ||
| 090 |
_a082/929 _bВ42 |
||
| 942 | _cBK | ||
| 040 |
_aUA-OsUOA _bukr _cUA-OsUOA _dUA-OsUOA |
||
| 245 | _aВидатний національний педагог Григорій Ващенко | ||
| 300 | _a64 с. | ||
| 955 | _a4 | ||
| 041 | _aukr | ||
| 080 | _a082/929 | ||
| 260 |
_aКиїв _c2003 |
||
| 246 | 3 | 1 | _aЗбірник матеріялів до 125-ліття від дня народження |
| 650 | 7 |
_a08 Видання. Колективні праці _2UDC |
|
| 999 |
_c442304 _d442304 |
||